|
|
|
|
| LEADER |
00000nas a2200000 a 4500 |
| 001 |
ssj0001531 |
| 003 |
WaSeSS |
| 005 |
20200512172242.0 |
| 006 |
m d |
| 007 |
cr n |
| 008 |
010518c19029999miubx pss gov 0 a0eng c |
| 010 |
|
|
|a 2004237195
|
| 016 |
7 |
|
|a 2066746-2
|2 DE-600
|
| 016 |
7 |
|
|a 2066746-2.
|2 DE-600
|
| 022 |
|
|
|a 1939-8557
|l 0026-2234
|y 0026-2234
|
| 035 |
|
|
|a (WaSeSS)ssj0001531
|
| 037 |
|
|
|b Michigan Law Review Association, 625 S. State Street, Ann Arbor, MI 48109-1215
|
| 040 |
|
|
|a FPS
|b eng
|e pn
|c FPS
|d OCLCQ
|d EYM
|d HUL
|d NSD
|d DOS
|d NSD
|d OCLCQ
|d HEBIS
|d OCLCQ
|d OCLCA
|d OCLCQ
|d OCLCE
|d OCLCQ
|d OCLCA
|d OCLCF
|d OCLCQ
|d DEBBG
|d Z5A
|d OCLCO
|d OCL
|d OCLCA
|d U3W
|d OCLCO
|d UUM
|d GILDS
|d OCLCO
|d MOW
|d AU@
|d OCLCO
|d WYU
|d OCLCO
|d AUD
|d OCLCA
|d VT2
|d OCL
|d OCLCO
|d IAZ
|d OCLCO
|d TKN
|d OCLCO
|d DYJ
|d UAB
|d WT2
|d FIE
|d OCLCO
|d CEF
|d OCLCO
|d CUS
|d OCLCO
|d MUX
|d LIP
|d LND
|d J9U
|d NTG
|d DLC
|d OCLCA
|d WaSeSS
|
| 042 |
|
|
|a pcc
|a nsdp
|a dlr
|
| 043 |
|
|
|a n-us-mi
|
| 050 |
1 |
4 |
|a K13
|b .I35
|
| 060 |
1 |
0 |
|a W1
|b MI216
|
| 082 |
1 |
0 |
|a 340
|2 14
|
| 222 |
|
0 |
|a Michigan law review
|b (Online)
|
| 245 |
0 |
0 |
|a Michigan law review
|h [electronic resource].
|
| 246 |
1 |
3 |
|a Mich. L. Rev
|
| 260 |
|
|
|a Ann Arbor, Mich. :
|b University of Michigan Dept. of Law,
|c 1902-
|
| 310 |
|
|
|a Eight no. a year,
|b <Aug. 1984->
|
| 321 |
|
|
|a Eight no. a year,
|b <Dec. 1978->
|
| 321 |
|
|
|a Seven no. a year,
|b <Apr./May 1984->
|
| 362 |
0 |
|
|a Vol. 1, no. 1 (June 1902)-
|
| 500 |
|
|
|a Title from title screen (JSTOR, viewed Oct. 14, 2004).
|
| 500 |
|
|
|a Published by: University of Michigan Law School, Nov. 1915-
|
| 506 |
|
|
|a License restrictions may limit access.
|
| 538 |
|
|
|a Master and use copy. Digital master created according to Benchmark for Faithful Digital Reproductions of Monographs and Serials, Version 1. Digital Library Federation, December 2002.
|u http://purl.oclc.org/DLF/benchrepro0212
|5 MiAaHDL
|
| 538 |
|
|
|a Mode of access: World Wide Web.
|
| 555 |
|
|
|a Vols. 1 (1902)-20 (1922). 1 v.; Vols. 22 (1922)-35 (1937). 1 v.; Vols. 36 (1937)-61 (1963). 1 v.
|
| 583 |
1 |
|
|a digitized
|c 2010
|h HathiTrust Digital Library
|l committed to preserve
|2 pda
|5 MiAaHDL
|
| 588 |
|
|
|a Latest issue consulted: Vol. 105, no. 8 (June 2007) (viewed Sept. 7, 2007).
|
| 650 |
|
0 |
|a Law reviews
|z Michigan.
|
| 650 |
|
6 |
|a Droit
|v Périodiques.
|
| 650 |
|
7 |
|a Law reviews.
|2 fast
|0 (OCoLC)fst00994120
|
| 650 |
1 |
7 |
|a Recht.
|2 gtt
|
| 650 |
|
2 |
|a Jurisprudence.
|
| 651 |
|
7 |
|a Michigan.
|2 fast
|0 (OCoLC)fst01208387
|
| 653 |
0 |
|
|a Law
|
| 655 |
|
0 |
|a Electronic journals.
|
| 710 |
2 |
|
|a University of Michigan.
|b Department of Law.
|
| 710 |
2 |
|
|a University of Michigan.
|b Law School.
|
| 776 |
0 |
8 |
|i Print version:
|t Michigan law review
|x 0026-2234
|w (DLC) 28025008
|w (OCoLC)1757366
|
| 787 |
0 |
|
|t First impressions
|w (DLC) 2008222350
|w (OCoLC)181100690
|
| 856 |
4 |
0 |
|z Full text available from Research Library: 02/01/1993 to 09/30/1993
|u https://search.proquest.com/publication/36597
|
| 856 |
4 |
0 |
|z Full text available from Research Library: 06/01/1997 to present
|u https://search.proquest.com/publication/36597
|